| 000 | 00665nam a2200205 a 4500 | ||
|---|---|---|---|
| 001 | 000045386 | ||
| 005 | 20201002050123.0 | ||
| 008 | 150305s2015 dr a 000 0 spa d | ||
| 020 | _z9789945410495 | ||
| 040 |
_aDO-SdBNP _bspa _cBNPHU |
||
| 082 |
_axxxx _bxxxx |
||
| 100 | 1 |
_aHeidelman, Julio Alberto _91169 |
|
| 245 | 1 | 0 |
_aOratoria contemporánea / _cJulio Alberto Heidelman. |
| 260 |
_aSanto Domingo : _bLetra Gráfica, _c2015. |
||
| 300 |
_a163 p. : _bil. ; _c22 cm. |
||
| 490 | 1 | _aLibros para todos | |
| 500 | _aIncluye datos biográficos del autor en la solapa de la contracubierta. | ||
| 504 | _aBibliografía : p. 163 | ||
| 830 | 0 |
_aLibros para todos _97034 |
|
| 999 |
_c44875 _d44875 |
||